000 00352cam a2200145ua 4500
041 _aeng
_h
082 _a335.4
_bMAX/FI
100 _aMarx,kard,, F. Engle .
245 _aFirst Indian war of independence 1857-1859
260 _aMoscow :
_bProgress publications ,
_c1968.
300 _a225 ; .
504 _a
942 _cBK
999 _c11171
_d11171